000 00515nam a22002057a 4500
003 UA-OsUOA
001 52144
007 ta
008 20150526b un ||||| |||| 00| 0 ukr d
090 _a09.-050.9
_bК17
942 _cMG
040 _aUA-OsUOA
_bukr
_cUA-OsUOA
_dUA-OsUOA
245 _aКалендар Нового шляху на 1946 рік
955 _a4
041 _aukr
080 _a09.-050.9
260 _aВінніпег
_c1946
650 7 _a0 Загальний відділ.
_2UDC
999 _c432256
_d432256